| 000 | 00654nam a2200217 a 4500 | ||
|---|---|---|---|
| 001 | 62564 | ||
| 003 | BD-RjUL | ||
| 005 | 20211209081111.0 | ||
| 008 | 170124t19711972maua 001 0 eng d | ||
| 035 | _a(BD-RjUL)62690 | ||
| 040 |
_aDLC _cDLC _dDLC _beng |
||
| 041 | _aeng | ||
| 082 | 0 | 0 |
_a808.042 _223 _bFOR 1972 |
| 245 | 0 | 0 |
_aForms in English literature / _c[compiled by] Philip McFarland [and others] |
| 260 |
_aBoston : _bHoughton Mifflin, _c[1971, c1972] |
||
| 300 |
_axiv, 816 p. : _bill. ; _c24 cm. |
||
| 650 | 0 |
_aEnglish literature. _9185724 |
|
| 700 | 1 |
_aMcFarland, Philip James, _ecomp. _9186004 |
|
| 942 |
_2ddc _cBK |
||
| 999 |
_c62564 _d62564 |
||